| 000 | 004360000a22001570004500 | ||
|---|---|---|---|
| 001 | 004861 | ||
| 003 | MACL | ||
| 040 | _aMACL | ||
| 090 |
_c16854 _d16853 |
||
| 100 | _aShekhavat, V. | ||
| 245 |
_aOn Rational Historiography _bAn Attempt Logical Construction Of A Historiography Of Sciences In India _cV. Shekhavat |
||
| 260 |
_aProject Of History Of Indian Science, _c1997 |
||
| 350 | _a290 | ||
| 650 | _aPhilosophy | ||
| 942 |
_k180 _cBook |
||
| 999 |
_c16744 _d16744 |
||